| 000 | 00807nam a2200205 a 4500 | ||
|---|---|---|---|
| 999 |
_c5710 _d5710 |
||
| 001 | 5710 | ||
| 003 | CDMR | ||
| 005 | 20211202134032.0 | ||
| 008 | 130130s ||||||||||||||||||||||||||||d | ||
| 040 |
_aCDMR _bcat _cCPC LLEIDA |
||
| 110 |
_946 _aAssociació Catalana d'Informadors de l'Administració Local |
||
| 245 | 1 | 0 |
_a15 anys de l'ACIAL (1981-1996) _c/ [textos: Ignasi Vidal i Sanfeliu] |
| 260 |
_aBarcelona: _bAssociació Catalana d'Informadors de l'Administració Local, _c[1996] |
||
| 300 |
_a107 pàgines; _c20 cm |
||
| 610 | 2 | 0 |
_946 _aAssociació Catalana d'Informadors de l'Administració Local |
| 650 | 0 |
_93870 _aComunicació en l'administració _zCatalunya |
|
| 700 |
_aVidal Sanfeliu, Ignasi _94754 |
||
| 710 | 2 |
_aAssociació Catalana d'Informadors de l'Administració Local _946 |
|
| 942 |
_cMON _2ddc |
||